Central Library OPAC University of Rajshahi

Clinical endocrinology / (Record no. 13192)

MARC details
000 -LEADER
fixed length control field 00831cam a22002772 4500
001 - CONTROL NUMBER
control field 13192
003 - CONTROL NUMBER IDENTIFIER
rucl marc code BD-RjUL
005 - DATE AND TIME OF LATEST TRANSACTION
control field 20211208235423.0
008 - FIXED-LENGTH DATA ELEMENTS--GENERAL INFORMATION
fixed length control field 140130s1981 enka b 001 0 eng d
020 ## - INTERNATIONAL STANDARD BOOK NUMBER
International Standard Book Number 0713143797
035 ## - SYSTEM CONTROL NUMBER
System control number (BD-RjUL)13243
040 ## - CATALOGING SOURCE
Original cataloging agency IWA
Transcribing agency IWA
Modifying agency OCL
-- UKM
-- BD-RjUL
Language of cataloging eng
041 ## - LANGUAGE CODE
Language code of text/sound track or separate title eng
082 0# - DEWEY DECIMAL CLASSIFICATION NUMBER
Classification number 616.4
Edition number 19
Author mark and year DAC 1981
090 ## - LOCALLY ASSIGNED LC-TYPE CALL NUMBER (OCLC); LOCAL CALL NUMBER (OCLC)
Classification number (OCLC) (R) ; Classification number, CALL (RLIN) (NR) RC648
Local cutter number (OCLC) ; Book number/undivided call number, CALL (RLIN) .D33x
100 1# - MAIN ENTRY--PERSONAL NAME
Personal name Daggett, Peter.
9 (RLIN) 41087
245 10 - TITLE STATEMENT
Title Clinical endocrinology /
Statement of responsibility, etc. Peter Daggett.
260 ## - PUBLICATION, DISTRIBUTION, ETC. (IMPRINT)
Place of publication, distribution, etc. London :
Name of publisher, distributor, etc. E. Arnold,
Date of publication, distribution, etc. 1981.
300 ## - PHYSICAL DESCRIPTION
Pagination xi, 180 p. :
Illustrations ill. ;
Size 23 cm.
490 1# - SERIES STATEMENT
Series statement Physiological principles in medicine,
504 ## - BIBLIOGRAPHY, ETC. NOTE
Bibliography, etc Includes bibliographies and index.
650 #0 - SUBJECT ADDED ENTRY--TOPICAL TERM
Topical term or geographic name as entry element Endocrine glands
General subdivision Diseases
9 (RLIN) 41088
830 #0 - SERIES ADDED ENTRY--UNIFORM TITLE
Uniform title Physiological principles in medicine,
942 ## - ADDED ENTRY ELEMENTS (KOHA)
Source of classification or shelving scheme Dewey Decimal Classification
Koha item type Books
Holdings
Lost status Source of classification or shelving scheme Damaged status Not for loan Collection code Permanent Location Current Location Shelving location Date acquired Source of acquisition Cost, normal purchase price Total Checkouts Full call number Date last seen Copy number Koha item type
  Dewey Decimal Classification     Non-fiction Central Library, University of Rajshahi Central Library, University of Rajshahi   19/07/1988 Mirza Book 19.80   616.4 DAC 1981 30/01/2014 C-5 Books
  Dewey Decimal Classification   Not For Loan Non-fiction Central Library, University of Rajshahi Central Library, University of Rajshahi Reading Room 02/04/1986 Kamela Book 6.25   616.4 DAC 1981 14/03/2017 C-1 Books
  Dewey Decimal Classification     Non-fiction Central Library, University of Rajshahi Central Library, University of Rajshahi   02/04/1986 Karim Int. 6.25   616.4 DAC 1981 27/05/2017 C-2 Books
  Dewey Decimal Classification     Non-fiction Central Library, University of Rajshahi Central Library, University of Rajshahi   19/07/1988 Mallick Brothers 19.80   616.4 DAC 1981 27/05/2017 C-3 Books